Städte in Australien - Sudden Death - Statistiken

Allgemein
  • Dieses Quiz wurde 190 mal gespielt
  • Das Durchschnittsergebnis liegt bei 9 aus 20
Answers on the Grid
Answers color-coded by a green-red scale on the quiz's grid according to % correct below.
Melbourne
Perth
Brisbane
Darwin
Cairns
Montreal
Toowoomba
Adelaide
Canberra
Sydney
Hobart
Sheffield
Geelong
Alice Springs
Mackay
Broome
Auckland
Bendigo
Mildura
Dunedin
Victoria
Sligo
Bournemouth
Phoenix
Calgary
Sherbrooke
Suva
Cebu
Bruges
Anchorage
Mount Isa
Limerick
Gold Coast
Sapporo
East London
Cardiff
Elgin
Bunbury
Dubbo
 
Antwortstatistiken
Antwort % Korrekt
Sydney
79%
Brisbane
77%
Canberra
77%
Melbourne
77%
Adelaide
74%
Perth
73%
Darwin
65%
Alice Springs
59%
Gold Coast
54%
Hobart
51%
Cairns
45%
Toowoomba
35%
Geelong
28%
Broome
26%
Bendigo
22%
Mackay
22%
Bunbury
19%
Mildura
18%
Mount Isa
18%
Dubbo
13%
Keine übereinstimmenden Quizze gefunden
Verteilung der Resultate
Anzahl Personen mit jedem Resultat
Perzentil nach korrekt beantworteten Fragen
Ihre Resultats-Entwicklung
Sie haben dieses Quiz noch nicht gespielt